عرض عادي
عرض مارك
- Radicalism in literature.
مدخل مصطلح موضوعي
001 - رقم الضبط
- حقل الضبط: 3928
003 - معرف رقم الضبط
- حقل الضبط: OSt
005 - تاريخ ووقت أخر عملية
- حقل الضبط: 20110907060525.0
008 - عناصر بيانات ثابتة الطول
- حقل تحكم ثابت الطول: 110907|||a|||||| | ||| d
040 ## - مصدر الفهرسة
- هيئة الفهرسة الأصلية: OSt
- وكالة الكتابة: OSt
150 ## - مدخل-- مصطلح تاريخي
- عنصر مدخل المصطلح الموضوعي او الاسم الجغرافي: Radicalism in literature.
670 ## - بيانات المصدر موجوده
- الاستشهاد بالمصدر: Work cat.: (OSt)0: Dollimore, Jonathan. 3919, Radical tragedy :, 2010.
